|
|
|
|
| LEADER |
00000nam0a2200000 4500 |
| 001 |
79513 |
| 005 |
20250603101930.0 |
| 010 |
|
|
|a 561000568X
|
| 035 |
|
|
|a (RuTPU)RU\TPU\book\85483
|
| 090 |
|
|
|a 79513
|
| 100 |
|
|
|a 20050819d1989 m y0rusy5003 ca
|
| 101 |
0 |
|
|a rus
|
| 102 |
|
|
|a RU
|
| 105 |
|
|
|a y z 000ay
|
| 200 |
1 |
|
|a Два капитана
|f В. А. Каверин
|
| 210 |
|
|
|a Алма-Ата
|c Жалын
|d 1989
|
| 215 |
|
|
|a 637,[2] с.
|c ил.
|d 21 см
|
| 606 |
1 |
|
|a Русская литература современная
|2 stltpush
|3 (RuTPU)RU\TPU\subj\26373
|9 50316
|
| 610 |
1 |
|
|a летчики
|
| 610 |
1 |
|
|a арктические экспедиции
|
| 610 |
1 |
|
|a приключения
|
| 675 |
|
|
|a Р2
|
| 700 |
|
1 |
|a Каверин
|b В. А.
|c настоящая фамилия Зильбер
|c русский писатель
|f 1902-1989
|g Вениамин Александрович
|3 (RuTPU)RU\TPU\pers\15596
|9 5407
|
| 801 |
|
0 |
|a RU
|b RuMRKP
|c 19950417
|g psbo
|
| 801 |
|
1 |
|a RU
|b 63413507
|c 20050819
|g PSBO
|
| 801 |
|
2 |
|a RU
|b 63413507
|c 20210413
|g PSBO
|
| 850 |
|
|
|a 63413507
|
| 942 |
|
|
|c BK
|